000 01203nam0a22002651 4500
001 rc\882620
005 20260406225257.0
035 _a(NLR Aleph) 006060158
090 _a4900437
_c4900437
100 _a20041129d1983 |||y0rusy50 ca
101 0 _arus
102 _aRU
105 _aa |||||||||
200 1 _aЖивопись, графика
_eКат. юбил. выст. произведений Владимира Кузьмича Ворохобина, посвящ. 60-летию со дня рождения 35-летию творч. деятельности
_f[Авт. вступ. ст. и сот. Е. Гаврилова]
210 _aКараганда
_cБ. и.
_d1983
215 _a32 с.
_cил.
_d26
300 _aВ надзаг.: Караганд. орг. Союза художников Казахстана
320 _aБиблиогр.: с. 17-18
702 1 _aГаврилова
_bЕ.
_4220
710 1 0 _aВорохобин,
_gВладимир Кузьмич
_hВыставка произведений
_f1983
_eКараганда
_3RU\NLR\AUTH\889981163
_9458523
801 0 _aRU
_bNLR
_gpsbo
801 1 _aRU
_bELAR
_2rusmarc
852 _aNLR
_bЭ
_jКП/В758,3
942 _cBOOK
980 _aNB